Antenna and wave propagation VII sem E and C (Record no. 169936)
[ view plain ]
| 000 -LEADER | |
|---|---|
| fixed length control field | 00404nam a2200145Ia 4500 |
| 008 - FIXED-LENGTH DATA ELEMENTS--GENERAL INFORMATION | |
| fixed length control field | 231217s9999 xx 000 0 und d |
| 041 ## - LANGUAGE CODE | |
| Language code of text/sound track or separate title | English |
| 082 ## - DEWEY DECIMAL CLASSIFICATION NUMBER | |
| Classification number | 621.38411 NAR |
| 100 ## - MAIN ENTRY--PERSONAL NAME | |
| Personal name | Narayan C P |
| 245 #0 - TITLE STATEMENT | |
| Title | Antenna and wave propagation VII sem E and C |
| 260 ## - PUBLICATION, DISTRIBUTION, ETC. | |
| Date of publication, distribution, etc. | 2001 |
| Name of publisher, distributor, etc. | Pune: Tecnical Publication |
| 300 ## - PHYSICAL DESCRIPTION | |
| Extent | vii+255 |
| 650 ## - SUBJECT ADDED ENTRY--TOPICAL TERM | |
| Topical term or geographic name entry element | Antenna,wave,propagation,VII,semester,E,C |
| 942 ## - ADDED ENTRY ELEMENTS (KOHA) | |
| Koha item type | Books |
| Date last seen | Total checkouts | Full call number | Accession number | Uniform resource identifier | Cost, total (INR) price | Price effective from | Category | Lost status | Damaged status | Department | Withdrawn status | Home library | Current library | Shelving location | Entry date | Cost, normal purchase price | Grants | Billdate | Currency symbol | Conversion rate | Discount | Old discount |
|---|---|---|---|---|---|---|---|---|---|---|---|---|---|---|---|---|---|---|---|---|---|---|
| 26/01/2024 | 621.38411 NAR | 23938 | digital/contents/76738.pdf | 150.00 | 26/01/2024 | Books | Central Library | Central Library | Central Library | Central Library | 05/12/2003 | 150.00 | EC | 07/04/2005 | EURO | 1 | ||||||
| 26/01/2024 | 621.38411 RAM | 23942 | digital/contents/76738.pdf | 150.00 | 26/01/2024 | Books | Central Library | Central Library | Central Library | Central Library | 05/12/2003 | 150.00 | EC | 07/04/2005 | RS | 1 |
